| 000 | 00448nam a2200181Ia 4500 | ||
|---|---|---|---|
| 008 | 180207s9999 xx 000 0 und d | ||
| 020 | _a9789810951504 | ||
| 050 | _bI583 2014 | ||
| 100 | _aInnes, Shona | ||
| 245 | _aFriendship is like a seesaw / | ||
| 245 | _cShona Innes and Irisz Agocs. | ||
| 260 | _aNew York : | ||
| 260 | _bScholastic, | ||
| 260 | _c2014 | ||
| 300 | _aunpaged : | ||
| 300 | _bcolor illustration ; | ||
| 300 | _c23cm. | ||
| 999 |
_c355410 _d355410 |
||